000 00853cam a2200265 4500
001 M89821
008 090401t1997 xxu||||| |||| 00| 0 eng d
035 _a(Sirsi) u84268
041 _aeng
050 _a333.0023
110 _aRoyal Institution of Chartered Surveyors
_94900
245 _aCareers in land, property and construction : what everyone ought to know about the surveying profession [CD-Rom].
260 _aLondon
_bRICS
_c1997
300 _a1 CD-Rom
350 _a0
520 _aCopies available from the Education and Training Department of the RICS.
650 _aCAREERS, EDUCATION AND TRAINING
650 _aABOUT RICS-RICS MEMBERS
650 _aEDUCATION AND TRAINING
650 _aSURVEYING
650 _aCD-ROM
690 _aMANAGEMENT-BUSINESS MANAGEMENT-PROFESSIONAL PRACTICE
942 _n0
948 _c16/02/1998
999 _c96926
_d96926